000 00706nam a22002417a 4500
003 UA-OsUOA
001 28473
007 ta
008 20050404b un ||||| |||| 00| 0 ukr d
090 _a329.78(075.8)
_bП61
942 _cBK
040 _aUA-OsUOA
_bukr
_cUA-OsUOA
_dUA-OsUOA
245 _aПосібник для громадських молодіжних організацій
_cУпоряд. О.Дмитренко
300 _a252 с.
955 _a0
041 _aukr
080 _a329.78(075.8)
020 _a966-8175-00-Х
260 _aК.
_bДержком. України у справах сім'ї та молоді
_c2003
044 _aUA
650 7 _2UDC
999 _c314840
_d314840